Forschung zum Prozess des Mathematiklernens

Αποθηκεύτηκε σε:
Λεπτομέρειες βιβλιογραφικής εγγραφής
Μορφή: Βιβλίο
Γλώσσα:German
Δημοσίευση: Bielefeld : Institut fur Didaktik der Mathematik, c1976
Σειρά:Reihe: Materialien und Studien ; 2
Θέματα:
Ετικέτες: Προσθήκη ετικέτας
Δεν υπάρχουν, Καταχωρήστε ετικέτα πρώτοι!

MARC

LEADER 00000nam a2200000 i 4500
001 1/47438
008 941103s1976 ger d
035 |l 10043065 
040 |a GR-MY-UA  |b gre  |e aacr 
041 0 |a ger 
082 0 |a 510.71 
245 1 0 |a Forschung zum Prozess des Mathematiklernens 
260 |a Bielefeld :   |b Institut fur Didaktik der Mathematik,   |c c1976 
300 |a 131 p.;  |c 24 cm. 
490 1 |a Reihe: Materialien und Studien  |v ; 2 
650 0 0 |a Mathematics  |x Study and teaching. 
852 |a INST  |b SAMOS  |e 19941103  |h 540.71 FOR  |p 005300002899  |q 005300002899  |t BK  |y 0 
901 |a BIBL3-2000-2 
909 |a Σ  |b 010673 
922 |a 3ΕΛΗ  |b 198806  |c ΤΜΗΜΑ ΜΑΘΗΜΑΤΙΚΩΝ  |d GLORY 
970 |z 2000/06/ΠΑΝΤΖΑΛΗ